Khi phép lạ trở thành hiện thực.

Guardat en:
Dades bibliogràfiques
Format: Llibre
Publicat: Thanh niên 1999
Etiquetes: Afegir etiqueta
Sense etiquetes, Sigues el primer a etiquetar aquest registre!
Thư viện lưu trữ: Mạng thư viện Đại học Đà Nẵng
LEADER 00500nam a2200217 a 4500
001 000028823
003 438
005 20171030145630.0
008 171030s1999
020 |c 90000 
040 |a LTT 
082 0 |a 001  |b Kh-P 
245 0 0 |a Khi phép lạ trở thành hiện thực. 
260 |b Thanh niên  |c 1999 
OWN |a LTT 
999 |a From the UDN01 
TYP |a Monograph 
TYP |a Printed language 
980 |a Mạng thư viện Đại học Đà Nẵng